Panorama of world drama in English literature / (Record no. 81260)

MARC details
000 -LEADER
fixed length control field 00604nam a22001937a 4500
005 - DATE AND TIME OF LATEST TRANSACTION
control field 20131219120717.0
010 ## - LCCN (DPL NO)
LC control number ENG-108903
020 ## - INTERNATIONAL STANDARD BOOK NUMBER
International Standard Book Number 9789381142936
Terms of availability 675.00
035 ## - SYSTEM CONTROL NUMBER
System control number EN-92436
037 ## - SOURCE OF ACQUISITION
Source of stock number/acquisition DBAD/PUB
082 ## - DEWEY DECIMAL CLASSIFICATION NUMBER
Classification number 882.08
100 ## - MAIN ENTRY--PERSONAL NAME
Personal name Sharma, Ram
245 ## - TITLE STATEMENT
Title Panorama of world drama in English literature /
Statement of responsibility, etc by Ram Sharma
260 ## - PUBLICATION, DISTRIBUTION, ETC. (IMPRINT)
Place of publication, distribution, etc New Delhi
Name of publisher, distributor, etc Manglam Publications
Date of publication, distribution, etc 2013
270 ## - ADDRESS
Address K-129 Gali No.3 Near Shiv Om Jwelers 3-1/2 Pusta Gautam Vihar
City New Delhi
Postal code 110053
300 ## - PHYSICAL DESCRIPTION
Extent 179p.
Dimensions 22cm(Hb)
500 ## - GENERAL NOTE
General note Includes index
942 ## - ADDED ENTRY ELEMENTS (KOHA)
Source of classification or shelving scheme Dewey Decimal Classification
Item type English Books
Call number suffix SHA
Classification part 882.08
Holdings
Withdrawn status Lost status Not for loan Collection code Home library Current library Date acquired Source of acquisition Cost, normal purchase price Full call number Barcode Copy number Cost, replacement price Koha item type
    Not For Loan Non-fiction D.B.Act.Division D.B.Act.Division 18/12/2013 DBAD/PUB 675.00 882.08 SHA EN-92436 1 675.00 English Books

© Delhi Public Library
Hit Counter
free hit counter